Normal view MARC view
  • Oviedo y Romero, Aurelio María

Entry Nombre Personal

Number of records used in: 5

001 - NUMERO DE CONTROL

  • campo de control: 29820

003 - IDENTIFICADOR DE NUMERO DE CONTROL

  • campo de control: MX-MxUPN

005 - FECHA Y HORA DE LA ÜLTIMA TRANSACCIÓN

  • campo de control: 20240612111557.0

008 - DATOS DE LONGITUD FIJA

  • campo de control de longitud fija: 240612n||acnnnaabn | aaa |d

035 ## - NUMERO DE CONTROL

  • Número de control: UPN11000001926

040 ## - FUENTE DE CATALOGACIÓN

  • Lenguaje de catalogación: spa
  • Agencia de transcripción: MX-MxUPN
  • Agencia original de catalogación: MX-MxUPN

100 1# - ENCABEZAMIENTO - NOMBRE PERSONAL

  • Nombre personal: Oviedo y Romero, Aurelio María

400 1# - VEÁSE - NOMBRE DE PERSONA

  • Personal name: Oviedo y R, Aurelio M.

400 0# - VEÁSE - NOMBRE DE PERSONA

  • Personal name: Pilar
  • Relator term: seudónimo

670 ## - FUENTE EN LA QUE SE LOCALIZARON DATOS

  • Cita de la fuente: T
  • Información localizada: Epítome de la historia antigua, media y moderna de México

670 ## - FUENTE EN LA QUE SE LOCALIZARON DATOS

  • Cita de la fuente: Lecciones de gramática castellana : para uso de las Escuelas Municipales de México, y premiado por el Ayuntamiento de esta capital, en el concurso convocado en 26 de marzo de 1884, 1886:
  • Información localizada: portada (Obra escrita por Aurelio M. Oviedo y R. bajo el pseudónimo de Pilar)

902 ## - CATALOGADOR

  • Catalogador: DAA/ 120908
  • Catalogador: MaríaRobles/120624